<?xml version="1.0" encoding="UTF-8"?>
<record
    xmlns:xsi="http://www.w3.org/2001/XMLSchema-instance"
    xsi:schemaLocation="http://www.loc.gov/MARC21/slim http://www.loc.gov/standards/marcxml/schema/MARC21slim.xsd"
    xmlns="http://www.loc.gov/MARC21/slim">

  <leader>02700nam a2200469Ia 4500</leader>
  <controlfield tag="001">215</controlfield>
  <controlfield tag="008">241029s9999    xx            000 0 und d</controlfield>
  <datafield tag="041" ind1=" " ind2=" ">
    <subfield code="a">Espa&#xF1;ol</subfield>
  </datafield>
  <datafield tag="082" ind1=" " ind2=" ">
    <subfield code="a">MIP-0002</subfield>
  </datafield>
  <datafield tag="245" ind1=" " ind2="0">
    <subfield code="a">Lecto-Escritura en la Escuela B&#xE1;sica Mercedes Manzueta Moreno, en Ni&#xF1;os/as de 3ro.</subfield>
  </datafield>
  <datafield tag="260" ind1=" " ind2=" ">
    <subfield code="a">Distrito Nacional</subfield>
  </datafield>
  <datafield tag="300" ind1=" " ind2=" ">
    <subfield code="a">20</subfield>
  </datafield>
  <datafield tag="520" ind1=" " ind2=" ">
    <subfield code="a">12</subfield>
  </datafield>
  <datafield tag="650" ind1=" " ind2=" ">
    <subfield code="a">Competencia Ling&#xFC;&#xED;stica</subfield>
  </datafield>
  <datafield tag="690" ind1=" " ind2=" ">
    <subfield code="a">Elaborado</subfield>
  </datafield>
  <datafield tag="901" ind1=" " ind2=" ">
    <subfield code="a">{"1":"Mu&#xF1;oz Imbert","2":"Reyes","3":"Payano P&#xE9;rez"}</subfield>
    <subfield code="b">{"1":"Benita","2":"Aleida Mar&#xED;a","3":"Dionicia"}</subfield>
  </datafield>
  <datafield tag="902" ind1=" " ind2=" ">
    <subfield code="a">1</subfield>
  </datafield>
  <datafield tag="903" ind1=" " ind2=" ">
    <subfield code="a">{"1":"Rebagliatti"}</subfield>
    <subfield code="b">{"1":"Patricia"}</subfield>
  </datafield>
  <datafield tag="904" ind1=" " ind2=" ">
    <subfield code="a">Maestr&#xED;a en</subfield>
  </datafield>
  <datafield tag="905" ind1=" " ind2=" ">
    <subfield code="a">Intervenci&#xF3;n Psicopedag&#xF3;gica</subfield>
  </datafield>
  <datafield tag="906" ind1=" " ind2=" ">
    <subfield code="a">2</subfield>
  </datafield>
  <datafield tag="907" ind1=" " ind2=" ">
    <subfield code="a">NO APLICA</subfield>
  </datafield>
  <datafield tag="908" ind1=" " ind2=" ">
    <subfield code="a">NO APLICA</subfield>
  </datafield>
  <datafield tag="909" ind1=" " ind2=" ">
    <subfield code="a">Universidad Iberoamericana (UNIBE)</subfield>
  </datafield>
  <datafield tag="910" ind1=" " ind2=" ">
    <subfield code="a">NULL</subfield>
    <subfield code="b">NULL</subfield>
  </datafield>
  <datafield tag="911" ind1=" " ind2=" ">
    <subfield code="a">["1"]</subfield>
  </datafield>
  <datafield tag="912" ind1=" " ind2=" ">
    <subfield code="a">NO APLICA</subfield>
  </datafield>
  <datafield tag="913" ind1=" " ind2=" ">
    <subfield code="a">NULL</subfield>
  </datafield>
  <datafield tag="914" ind1=" " ind2=" ">
    <subfield code="a">01 de Agosto de 2009</subfield>
  </datafield>
  <datafield tag="915" ind1=" " ind2=" ">
    <subfield code="a">22/04/14 02:04</subfield>
  </datafield>
  <datafield tag="916" ind1=" " ind2=" ">
    <subfield code="a">NULL</subfield>
  </datafield>
  <datafield tag="917" ind1=" " ind2=" ">
    <subfield code="a">NULL</subfield>
  </datafield>
  <datafield tag="918" ind1=" " ind2=" ">
    <subfield code="a">NO APLICA</subfield>
  </datafield>
  <datafield tag="919" ind1=" " ind2=" ">
    <subfield code="a">["20","27","37","43","89"]</subfield>
  </datafield>
  <datafield tag="520" ind1=" " ind2=" ">
    <subfield code="a">El estudio se plante&#xF3; como objetivo principal disminuir el porcentaje de los ni&#xF1;os/as de tercer grado con dificultades de lecto-escritura en la Escuela B&#xE1;sica Mercedes Manzueta Moreno, a la vez presentar estrategias a los maestros/as para trabajar las dificultades de lecto-escritura. La metodolog&#xED;a utilizada fue de car&#xE1;cter descriptiva, se utilizaron las t&#xE9;cnicas de la observaci&#xF3;n, videos, din&#xE1;mica y como instrumento un cuestionario. La poblaci&#xF3;n objeto de este estudio estuvo compuesta por 39 estudiantes del tercer grado, del nivel b&#xE1;sico.Los an&#xE1;lisis realizados arrojaron como principal problema &#xA0;la lectro-escritura en ni&#xF1;os/as de 3er. Grado, donde el (60%) de los ni&#xF1;os/as presentaron esta dificultad. En la investigaci&#xF3;n se encontraron ni&#xF1;os/as en las diferentes etapas de la lectro-escritura: 7 ni&#xF1;os/as en la etapa presil&#xE1;bica, 6 en etapa sil&#xE1;bica, 10 en la etapa sil&#xE1;bica alfab&#xE9;tica y 13 en la etapa alfab&#xE9;tica.El estudio propone un proyecto de intervenci&#xF3;n que procure disminuir las dificultades de lecto-escritura en ni&#xF1;os/as de 3er. Grado en la Escuela B&#xE1;sica Mercedes Manzueta Moreno. &#xA0;El cual incluir&#xE1; dise&#xF1;o de talleres sobre los diferentes m&#xE9;todos utilizados para la ense&#xF1;anza de la recto-escritura, adem&#xE1;s se dar&#xE1; a conocer a maestros/as, ejercicios para mejorar en ni&#xF1;os/as la lecto-escritura, tambi&#xE9;n se le har&#xE1;n acompa&#xF1;amientos a los maestros/as para verificar que han mejorado en sus pr&#xE1;cticas docentes.</subfield>
  </datafield>
  <datafield tag="921" ind1=" " ind2=" ">
    <subfield code="a">16</subfield>
  </datafield>
  <datafield tag="922" ind1=" " ind2=" ">
    <subfield code="a">16</subfield>
  </datafield>
  <datafield tag="923" ind1=" " ind2=" ">
    <subfield code="a">0</subfield>
  </datafield>
  <datafield tag="924" ind1=" " ind2=" ">
    <subfield code="a">NO APLICA</subfield>
  </datafield>
  <datafield tag="942" ind1=" " ind2=" ">
    <subfield code="c">Proyecto de Intervenci&#xF3;n</subfield>
  </datafield>
  <datafield tag="999" ind1=" " ind2=" ">
    <subfield code="c">189</subfield>
    <subfield code="d">189</subfield>
  </datafield>
</record>
